Welcome to the Holygrace Academy Library

Please use search bar below to get started

THE DIARY OF KILLER CAT (Record no. 2067)

MARC details
000 -LEADER
fixed length control field 00354nam a22001457a 4500
082 ## - DEWEY DECIMAL CLASSIFICATION NUMBER
Classification number 823
Item number FIN/T
100 ## - MAIN ENTRY--AUTHOR NAME
Personal name FINE, ANNIE
245 ## - TITLE STATEMENT
Title THE DIARY OF KILLER CAT
Remainder of title SHORT STORY
246 ## - VARYING FORM OF TITLE
Title proper/short title THE DIARY OF KILLER CAT
Remainder of title SHORT STORY
260 ## - PUBLICATION, DISTRIBUTION, ETC. (IMPRINT)
Place of publication LONDON
Name of publisher HAMISH HAMILTON
Year of publication 1994
300 ## - PHYSICAL DESCRIPTION
Number of Pages 63
520 ## - SUMMARY, ETC.
Summary, etc SHORT STORY
650 ## - SUBJECT ADDED ENTRY--TOPICAL TERM
Topical Term SHORT STORY
942 ## - ADDED ENTRY ELEMENTS (KOHA)
Koha item type Books
Holdings
Withdrawn status Lost status Collection code Home library Current library Shelving location Date acquired Source of acquisition Full call number Accession Number Koha item type
    Fiction Main Library Main Library SHELF 4-B ANIMAL ARK 23/03/2021 Purchase 823 FIN/T 11514 Books